| 000 | 00442nam a22001937a 4500 | ||
|---|---|---|---|
| 003 | OSt | ||
| 005 | 20210902111738.0 | ||
| 008 | 210902b |||||||| |||| 00| 0 eng d | ||
| 020 | _a0849308526 | ||
| 040 | _cHawssa University | ||
| 050 | _a363.192/FOO | ||
| 082 | _a362.82/FAM | ||
| 100 |
_aBlanchfield J. Ralph _91343 |
||
| 245 | _aFood Iabelling | ||
| 260 | _aNew York | ||
| 300 |
_aix _f286 |
||
| 504 | _aIndex | ||
| 942 |
_2ddc _cBOOKS _n0 |
||
| 999 |
_c1656 _d1656 |
||